Statistics for George Ezra - Gold Rush Kid Lyrics

Click here to take the quiz!

General Stats

  • This quiz has been taken 81 times
  • The average score is 310 of 340

Answer Stats

Lyrics% Correct
a
100%
and
100%
been
100%
days
100%
doctor
100%
for
100%
hasn't
100%
I
100%
I,
100%
is
100%
mirror
100%
nine
100%
paper,
100%
play
100%
Rock,
100%
said,
100%
scissor
100%
see
100%
straight
100%
the
100%
there
100%
to
100%
went
100%
what
100%
winner
100%
against
97%
alone
97%
gold
97%
head
97%
in
97%
inside
97%
kid
97%
look
97%
my
97%
not
97%
rush
97%
She
97%
she
97%
this
97%
took
97%
you
97%
''you
97%
bank
93%
cut
93%
everyone
93%
it
93%
just
93%
like
93%
making
93%
open
93%
robbing
93%
you're
93%
although
90%
dance
90%
feel
90%
learning
90%
me
90%
now,
90%
now
90%
on''
90%
on
90%
run
90%
dancing
87%
holding
87%
I'm
87%
watching
87%
all
83%
they
83%
''boy,
80%
pool''
80%
running
80%
swim
80%
swimming
80%
are
77%
build
77%
friends
77%
if
77%
or
77%
out
77%
shoes
77%
sink
77%
taps
77%
wanna
77%
will
77%
bathroom
73%
dive
73%
don't
73%
figure
73%
flood
73%
gonna
73%
money
73%
of
73%
'til
73%
up
73%
fall
70%
it's
70%
need
70%
queueing
70%
apart
67%
dream
67%
little
67%
mine
67%
sky
67%
falls
63%
moon
63%
mind
57%
vacant
53%

Score Distribution

Percentile by Number Answered

Percent of People with Each Score

Your Score History

You have not taken this quiz